Perspectives on thinking and reasoning: essays in honour of Peter Wason

Збережено в:
Бібліографічні деталі
Автори: Newstead, Stephen E. (Автор), Evans, Jpnathan St. B. T (Автор)
Формат: Книга
Мова:Англійська
Опубліковано: Mahwah Lawrence Erlbaum Associates 1995
Предмети:
Теги: Додати тег
Немає тегів, Будьте першим, хто поставить тег для цього запису!

MARC

LEADER 00000nam a2200000 a 4500
001 UCK2275
003 CL-VaPUC
008 041229e19950000us |||||||||||||||||eng|d
020 |a 0863773583 
082 0 4 |a 153.4  |b NEW  |2 21 
100 |a Newstead, Stephen E.  |e author  |9 490089 
700 0 |a Evans, Jpnathan St. B. T  |e author  |9 490090 
245 1 0 |a Perspectives on thinking and reasoning: essays in honour of Peter Wason 
300 |a 309 p 
942 |c BK 
945 |d 20041229 00:00:00  |a cmena 
260 |a Mahwah  |b Lawrence Erlbaum Associates  |c 1995 
650 0 |a Razonamiento  |9 256520 
650 0 |a Desarrollo mental   |9 313003 
650 0 |a Psicología individual  |9 309049 
650 0 |a Toma de decisiones   |9 257530 
650 0 |a Creatividad   |9 310816 
583 |a last modification  |c 20171120 05:20:32  |k Rodrigo Vera 
999 |c 311863  |d 311861 
952 |0 0  |1 0  |4 0  |6 153_400000000000000_NEW_1995  |7 0  |8 A  |9 381551  |a FDOPOS  |b FDOPOS  |d 2019-11-21  |i 4090594  |o 153.4 NEW 1995  |p 4090594  |r 2025-01-22  |w 2019-11-21  |y BK  |k MLA